Sports Quiz

Random Sports or NFL Quiz

NFL Teammates with 100 Yards Rushing (2000s) Quiz Stats

Quiz Updated Oct 2, 2013

Challenge
Share
Tweet
Embed
Score 0/48 Timer 04:00
1 Play Today
% Correct
Thomas Jones
92.4%
Maurice Jones-Drew
89.2%
Maurice Jones-Drew
89.2%
Maurice Jones-Drew
89.2%
Ladanian Tomlinson
89%
Ladanian Tomlinson
88.9%
DeAngelo Williams
85.6%
DeAngelo Williams
85.6%
DeAngelo Williams
85.6%
Ahmad Bradshaw
85%
Brandon Jacobs
81.6%
Chris Johnson
80.3%
Marshall Faulk
76.3%
Jonathan Stewart
76.1%
Jonathan Stewart
76.1%
Jonathan Stewart
76.1%
Ahman Green
73.9%
Shaun Alexander
73.2%
Fred Taylor
72.1%
Fred Taylor
72.1%
Clinton Portis
68.2%
Fred Jackson
68.2%
Shonn Greene
67.3%
Shonn Greene
67.3%
% Correct
Curtis Martin
63%
Reggie Bush
62.9%
Willis McGahee
61.9%
Ryan Grant
61.6%
Warrick Dunn
60.7%
Michael Vick
57.1%
Michael Vick
57.1%
Deuce McAllister
53.9%
Darren Sproles
51.9%
LenDale White
47.4%
Marshawn Lynch
45.9%
Mike Anderson
39.9%
Duce Staley
32.9%
Donovan McNabb
29%
Tatum Bell
25.8%
LeRon McClain
22.7%
Rashad Jennings
22.5%
Jerious Norwood
13.3%
Maurice Morris
10.7%
Trung Canidate
8.3%
LaMont Jordan
6.1%
Rock Cartwright
3.8%
DeShawn Wynn
2.9%
Vernand Morency
1.2%

You're not logged in!

Compare scores with friends on all Sporcle quizzes.
Join for Free
OR
Log In

You Might Also Like...

Show Comments

Extras

Top Quizzes Today


Score Distribution

Your Account Isn't Verified!

In order to create a playlist on Sporcle, you need to verify the email address you used during registration. Go to your Sporcle Settings to finish the process.

Report this User

Report this user for behavior that violates our Community Guidelines.

Details: